Statistiche per Classifica Marcatori Mondiali di Calcio 1994

Clicka qui per fare il quiz!

Statistiche generali

  • Questo quiz è stato fatto 18 volte
  • Il punteggio medio è 7 su 14

Statistiche sulle risposte

GolNazioneCalciatore% Corretto
5ItaliaRoberto Baggio
100%
5BrasileRomário
89%
3RomaniaGheorghe Hagi
83%
4ArgentinaGabriel Omar Batistuta
72%
3BrasileBebeto
67%
6BulgariaHristo Stoičkov
67%
3Paesi BassiDennsi Bergkamp
50%
5GermaniaJürgen Klinsmann
44%
6RussiaOleg Salenko
44%
4RomaniaFlorin Răducioiu
22%
5SveziaKennet Andersson
22%
3SpagnaJosé Luis Caminero
17%
4SveziaMartin Dahlin
17%
3SveziaTomas Brolin
17%

Distribuzione punteggi

Percentile per numero di risposta

Percentuale di utenti per punteggio

I tuoi punteggi nel tempo

Non hai fatto questo quiz